header

Data analysis and report writing (Record no. 84146)

MARC details
000 -LEADER
fixed length control field 01618nam a2200349Ia 4500
082 04 - DEWEY DECIMAL CLASSIFICATION NUMBER
Classification number 362.1/0727
100 1# - MAIN ENTRY--AUTHOR NAME
Personal name Varkevisser, Corlien M.
245 10 - TITLE STATEMENT
Title Data analysis and report writing
260 ## - PUBLICATION, DISTRIBUTION, ETC. (IMPRINT)
Place of publication Amsterdam :
Name of publisher KIT Publishers ;
Place of publication Ottawa, Ont. :
Name of publisher International Development Research Centre ;
Place of publication Brazzaville, Congo :
Name of publisher World Health Organization, Regional Office for Africa,
Year of publication c2003.
300 ## - PHYSICAL DESCRIPTION
Number of Pages xv, 195 p.
490 0# - SERIES STATEMENT
Series statement Designing and conducting health system research projects ;
650 #0 - SUBJECT ADDED ENTRY--TOPICAL TERM
Topical Term Medical care
Topical Term Report writing
Topical Term Medical care surveys
700 1# - ADDED ENTRY--PERSONAL NAME
Personal name Pathmanathan, Indra.
Personal name Brownlee, Ann Templeton,
856 40 - ELECTRONIC LOCATION AND ACCESS
Uniform Resource Identifier http://site.ebrary.com/lib/rucke/Doc?id=10141230

No items available.

© 2026 Rongo University
Contact us: librarian | system librarian | Rongo university